| 000 | 01072cab a22002295a 4500 | ||
|---|---|---|---|
| 001 | L147548 | ||
| 008 | 090521e20090420xxk 000 0 eng d | ||
| 035 | _a(Sirsi) u147548 | ||
| 041 | 0 | _aeng | |
| 110 | 2 |
_aEuroProperty _91216 |
|
| 245 | 0 | 0 | _aCentral Europe |
| 260 | _c2009 | ||
| 490 | 0 |
_aEuroProperty _v 20 April 2009, 21-25(5) |
|
| 520 | _aSurveys the property investment market in central European countries and warns investors to be aware of the starkly differing state of the individual economies across the region. Commercial real estate investment in Hungary, Poland and the Czech Republic is at a standstill although take-up has been healthy and rents remain broadly stable. Tables cover Central Europe office, industrial and retail yields. Gives a positive verdict on the expansion of the retail and logistics sectors in Bratislava. | ||
| 590 | _aKA | ||
| 651 | 4 | _aCentral Europe | |
| 651 | 4 | _aCzech Republic | |
| 651 | 4 | _aHungary | |
| 651 | 4 | _aPoland | |
| 690 | _aPROPERTY-COMMERCIAL PROPERTY-COMMERCIAL PROPERTY FINANCE AND INVESTMENT | ||
| 942 | _n0 | ||
| 999 |
_c81566 _d81566 |
||